00848nam a2200205 a 450000100060000000300090000600800410001502000180005604000280007408200090010210000180011124500470012926000320017630000640020849000200027250002690029265000260056165000240058765000310061125086CO-ViMGA141112s2004 ck r 000 u spa d a9788449442568 aCO-ViMGAbspacCO-ViMGA04aSOLc1 aSolis, Victor10aCentígrados y paralelos / cVictor Solis aMéxico : bOceano, c2011 a[58] páginas sin numerar : fotografías en color ; 18 cm aOceano Travesia aLas imágenes de este libro pertenecen al proyecto Escenarios sobre ceroo. y fueron tomadas en 42 escenarios naturales del continente Américano, desde Argentina hasta la frontera entre México y Estados Unidos \ Recomendado para niños de 9 años en adelante14a Literatura infantil 14aAlbumes infantiles 14aAnimales en la literatura